William Tell / (Record no. 110008)
[ view plain ]
| 000 -LEADER | |
|---|---|
| fixed length control field | 00651nam a2200217 a 4500 |
| 001 - CONTROL NUMBER | |
| control field | 2120 |
| 005 - DATE AND TIME OF LATEST TRANSACTION | |
| control field | 20140414131848.0 |
| 008 - FIXED-LENGTH DATA ELEMENTS--GENERAL INFORMATION | |
| fixed length control field | 001116s19uu xx 00 eng d |
| 020 ## - INTERNATIONAL STANDARD BOOK NUMBER | |
| International Standard Book Number | 0-8172-2630-3 |
| 050 ## - LIBRARY OF CONGRESS CALL NUMBER | |
| Classification number | M 398.2 |
| Item number | T74 1987 |
| 100 ## - MAIN ENTRY--PERSONAL NAME | |
| Personal name | Trotman, Felicity |
| 245 ## - TITLE STATEMENT | |
| Title | William Tell / |
| Statement of responsibility, etc | retold by Felicity Trotman ; illustrated by Chris Molan. |
| 260 ## - PUBLICATION, DISTRIBUTION, ETC. (IMPRINT) | |
| Place of publication, distribution, etc | Austin, Texas : |
| Name of publisher, distributor, etc | Raintree Steck-Vaughn, |
| Date of publication, distribution, etc | 1992. |
| 300 ## - PHYSICAL DESCRIPTION | |
| Extent | 32 p. : ill. ; cm. |
| 500 ## - GENERAL NOTE | |
| General note | Raintree Stories |
| 650 ## - SUBJECT ADDED ENTRY--TOPICAL TERM | |
| Topical term or geographic name as entry element | Tell, Wilhelm -- Legends. |
| 650 ## - SUBJECT ADDED ENTRY--TOPICAL TERM | |
| Topical term or geographic name as entry element | Legends -- Switzerland. |
| 650 ## - SUBJECT ADDED ENTRY--TOPICAL TERM | |
| Topical term or geographic name as entry element | Tell, William. |
| 650 ## - SUBJECT ADDED ENTRY--TOPICAL TERM | |
| Topical term or geographic name as entry element | Folklore -- Switzerland. |
| Withdrawn status | Lost status | Damaged status | Use restrictions | Home library | Current library | Shelving location | Date acquired | Source of acquisition | Total Checkouts | Full call number | Barcode | Date last seen | Price effective from | Koha item type |
|---|---|---|---|---|---|---|---|---|---|---|---|---|---|---|
| Munich Library | Munich Library | Main Section | 05/30/2005 | M 398.2 T74 1987 | M0247 | 04/14/2014 | 04/14/2014 | Books |